000 00717nam a2200193Ia 4500
003 GCL
008 140319s9999 xx 000 0 ara d
040 _aGCL /
_cGCL
082 0 4 _a664.7523
_bس خ
100 1 _aسميح عبدالغفار شعلان
245 1 0 _aالخبز فى الماثورات الشعبية :
_bدراسة فى الاطالس الفولكلورية /
_cسميح عبدالغفار شعلان
250 _aالاولى
260 _aالقاهرة :
_bعين للدراسات والبحوث الانسانية والاجتماعية ،
_c2002
300 _a367 ص ؛
_c24 سم
650 0 4 _aالافران
650 0 4 _aالخبز
650 0 4 _aالخبز - تخزين
942 _2ddc
_cBK
999 _c3626
_d3626